Club de foot par pays européen - Statistiques

Statistiques générales
  • Ce quiz a été pris 141 fois
  • Le résultat moyen est 14 sur 15
Statistiques - réponses
Hint Réponse % Correct
Paris St Germain France
98%
Atlético de Madrid Espagne
97%
Napoli Italie
96%
Sporting Portugal
96%
Bayer Leverkusen Allemagne
94%
Aston Villa Angleterre
94%
Rangers Ecosse
93%
Steaua Bucarest Roumanie
92%
Red Bull Salzburg Autriche
90%
Zenit St Pétersbourg Russie
90%
PSV Eindhoven Pays-Bas
89%
Etoile Rouge de Belgrade Serbie
86%
Bodo Glimt Norvege
85%
Young Boys Suisse
83%
Malmö Suède
76%
Aucun quiz correspondant
Distribution des résultats
% des personnes avec chaque résultat
Percentile par nombre de réponses
Votre historique - résultats
Vous n’avez pas pris ce quiz